000 01310cam a22003974i 4500
003 PE-LiUPU
005 20250731173202.0
008 150625s r 000 0 d
035 _a(Sirsi) a30242
040 _aPE-LiUPU
_bspa
_cPE-LiUPU
_erda
082 0 4 _a205
_bAB/39/S31
_221
100 1 _aSchelkle Hermann,Karl,
_eautor.
245 1 0 _aCartas de Pedro Cartas de Judas :
_bTexto y comentario.
264 1 _aMadrid :
_bEdiciones Fax,
_c1970.
300 _a348 páginas ;
_c21 cm.
336 _atext
_2rdacontent
337 _aunmediated
_2rdamedia
338 _avolume
_2rdacarrier
505 0 _aCarta de Pedro. -Carta de Judas. -Carta de Pedro.
526 _aSEG42
526 _aSEG41
526 _aSEG40
526 _aSEG39
526 _aP94
526 _aP87
526 _aP86
526 _aP85
526 _aP77
526 _aP76
526 _aP35
942 _2ddc
_cBOOK
949 _a205 AB/39/S31
_wDEWEY
_c1
_i37232
_lCCODEBUL1
_mBUL
_p00.00
_r0
_sY
_tBOOK
_u2015-06-25
_xBIBLIOTECA
_zUNKNOWN
_0COMPRA
_o.STAFF. Colección General
596 _a1
999 _a205 AB/39/S31
_wDEWEY
_c37677
_i37232
_d37677
_e2016-11-21
_f2021-11-11
_g5
_lCCODEBUL1
_mBUL
_n1
_r0
_sY
_tBOOK
_u2015-6-25
_xTEOLOGIA
_zUNKNOWN
_0COMPRA
_o.STAFF. Colección General
980 _81
_gALBERTO SANCHEZ Responsable de Automatización